01078nam a2200301Ia 450000500170000000800410001702000150005810000240007324500790009725000200017630000610019649000190025750000420027653400200031865000420033865000460038065000370042665000380046365000370050170000330053870000330057126400380060433600270064233700330066933800280070204000350073008400110076520220317000554.0160601s2003 sp a g 000 0 spa d a84279338861 aWhite, Elwyn Brooks14aLas telarañas de Carlota cE.B. White ; traducción de Guillermo Solana a11a. edición  a154 páginas bilustraciones en blanco y negro c18 cm  aCuatro vientos aIncluye datos biográficos del autor tCharlotte's web142LEMB aNovela infantil estadounidense142LEMB aLiteratura infantil estadounidense142LEMB aAmistad en la literatura 142LEMB aAnimales en la literatura 142LEMB aNiñas en la literatura 1 aWilliams, Gartheilustrador 1 aSolana, Guilermoetraductor  aBarcelona bNoguer y Caraltc2003 atextobtxt2rdacontent asin mediaciónbn2rdamedia avolumenbnc2rdacarrier aCO-BoRNBPbspaerdacCO-BoRNBP aN WHI2